Sports Quiz

Random Sports or MLB Quiz

They Went to the Dark Side (MLB) Quiz Stats

 Plays Quiz not verified by Sporcle

Challenge
Share
Tweet
Embed
Score 0/21 Timer 06:00
0 Plays Today
Hint Player % Correct
'The Curse'Babe Ruth
99%
Center fielder for 2004 WS Red SoxJohnny Damon
94.6%
HoF third basemanWade Boggs
81.9%
Single-season stolen base leader and two-time WS champ for BostonJacoby Ellsbury
76.9%
World Series-winning shortstop whose brother was also a Red SoxStephen Drew
44.6%
Mustachioed Cuban pitcher who twisted around completely in his deliveryLuis Tiant
39.2%
Second baseman for the 2004 WS Red SoxMark Bellhorn
30.3%
Known for his slider and 238 savesSparky Lyle
22.2%
Reliever for the 2004 WS Red SoxAlan Embree
21.4%
HoF pitcher also known for powerful batRed Ruffing
15.5%
Hard-throwing lefty reliever mostly tenured with the White SoxMatt Thornton
14.5%
Hint Player % Correct
Lefty reliever mostly tenured as a starter for the Milwaukee BrewersChris Capuano
11.7%
Struggling Red Sox outfielder traded while in AAADarnell McDonald
11.6%
Pitched three shutouts in 1921 WSWaite Hoyt
10.3%
Relief pitcher who debuted with the Yankees before becoming Boston's closer in 2012Alfredo Aceves
8.9%
Pitched a combined no-hitter with Babe Ruth; recorded all 27 outsErnie Shore
8.6%
Nicknamed for the downcast appearance due to wearing his cap lowSad Sam Jones
8.4%
3rd lowest ERA+ (106) for a HoF pitcherHerb Pennock
8.4%
Though nicknamed 'bullet,' he became known for his forkballBullet Joe Bush
5.3%
Slugging left fielder who played over a decade in DetroitBobby Veach
2.3%
Turn-of-the-century slugger who saved Cy Young's perfect game with a wall-crashing catchPatsy Dougherty
0.8%

You're not logged in!

Compare scores with friends on all Sporcle quizzes.
Join for Free
OR
Log In

You Might Also Like...

Show Comments

Extras

Top Quizzes Today


Score Distribution

Your Account Isn't Verified!

In order to create a playlist on Sporcle, you need to verify the email address you used during registration. Go to your Sporcle Settings to finish the process.

Report this User

Report this user for behavior that violates our Community Guidelines.

Details: